| Tag |
First Indicator |
Second Indicator |
Subfields |
| LEADER |
00000cam a2200000 a 4500 |
| 001 |
in00000081422 |
| 005 |
20151008061056.0 |
| 008 |
751205s1963 mx a 00011dspa d |
| 035 |
|
|
|a (OCoLC)01876246
|
| 035 |
|
|
|9 AAJ7245AM
|
| 040 |
|
|
|a YSM
|c YSM
|d TXA
|d UtOrBLW
|
| 049 |
|
|
|a TXAM
|c [1481914]
|
| 090 |
|
|
|a PQ7297.R723
|b T5
|
| 090 |
|
|
|a PQ7297.R7156
|b T5
|
| 100 |
1 |
|
|a Rodríguez Beltrán, Cayetano,
|d 1866-1939.
|
| 245 |
1 |
0 |
|a Tipos callejeros /
|c por Cayetano Rodriguez Beltran ; prologo de Leonardo Pasquel.
|
| 264 |
|
1 |
|a Tucubaya, Mexico :
|b Editorial Citlaltepetl,
|c 1963.
|
| 300 |
|
|
|a xxxix, 83 pages :
|b illustrations, facsimiles portraits ;
|c 18 cm.
|
| 336 |
|
|
|a text
|b txt
|2 rdacontent
|
| 337 |
|
|
|a unmediated
|b n
|2 rdamedia
|
| 338 |
|
|
|a volume
|b nc
|2 rdacarrier
|
| 490 |
1 |
|
|a Coleccion Suma veracruzana. Serie Folklore
|
| 500 |
|
|
|a First published as part of the author's Cuentos y tipos callejeros, Jalapa, 1922.
|
| 830 |
|
0 |
|a Colección Suma veracruzana.
|
| 999 |
|
|
|a MARS
|
| 999 |
f |
f |
|s 2c6050b6-890a-36fe-965a-96d3e2ffc506
|i 1ef86661-076c-3a2e-ab18-fee35c1cb32b
|t 0
|
| 952 |
f |
f |
|p ric
|a Texas A&M University
|b Rellis Campus
|c Joint Library Facility
|d Remote Storage
|t 0
|e PQ7297.R7156 T5
|h Library of Congress classification
|i unmediated -- volume
|m A14806181974
|
| 998 |
f |
f |
|a PQ7297.R7156 T5
|t 0
|l Remote Storage
|